[Event "Wch Juvenil 2013 sub-16 femenino"]
[Site "Al-Ain UAE"]
[Date "2013.12.18"]
[Round "1.1"]
[White "Khademalsharieh, Sarasadat"]
[Black "Poteat, Lilia M"]
[Result "1-0"]
[WhiteElo "2298"]
[BlackElo "1866"]
[PlyCount "53"]
[EventDate "2013.12.19"]
[EventType "swiss"]
[EventRounds "11"]
[EventCountry "UAE"]
[Source "lmi"]
[SourceDate "2013.12.19"]

1. d4 Nf6 2. Nf3 e6 3. c4 c5 4. d5 exd5 5. cxd5 d6 6. Nc3 g6 7. Bf4 Bg7 8. Qa4+
Bd7 9. Qb3 Qc7 10. e4 O-O 11. Be2 Nh5 12. Be3 Bg4 13. h3 Bxf3 14. Bxf3 Nf6 15.
e5 dxe5 16. d6 Qxd6 17. Bxb7 Nc6 18. Bxa8 Rxa8 19. O-O Nd4 20. Qb7 Rb8 21. Qxa7
Rxb2 22. Rab1 Rc2 23. Rb6 Qd7 24. Qa8+ Bf8 25. Bh6 Qe7 26. Bxf8 Qxf8 27. Rb8
1-0

[Event "Wch Juvenil 2013 sub-16 femenino"]
[Site "Al-Ain UAE"]
[Date "2013.12.18"]
[Round "1.2"]
[White "Patel, Yesim"]
[Black "Styazhkina, Anna"]
[Result "0-1"]
[WhiteElo "1860"]
[BlackElo "2241"]
[PlyCount "80"]
[EventDate "2013.12.19"]
[EventType "swiss"]
[EventRounds "11"]
[EventCountry "UAE"]
[Source "lmi"]
[SourceDate "2013.12.19"]

1. e4 e5 2. Nf3 Nc6 3. Bb5 g6 4. O-O Bg7 5. Re1 Nge7 6. c3 a6 7. Ba4 O-O 8. d3
b5 9. Bb3 d6 10. a4 Bb7 11. Bd2 Na5 12. Bc2 c5 13. Na3 Bc6 14. b4 Nb7 15. Qb1
Re8 16. c4 cxb4 17. axb5 bxa3 18. bxc6 Nc5 19. Rxa3 Nxc6 20. Ba4 Qc7 21. Bxc6
Qxc6 22. Be3 Reb8 23. Qa2 Ne6 24. Ng5 Nc7 25. h4 h6 26. Nf3 Rb7 27. Rb1 Rab8
28. Rab3 Ne6 29. Rxb7 Rxb7 30. Ra1 Nc7 31. h5 f5 32. Nh4 fxe4 33. Nxg6 Kh7 34.
dxe4 Qxe4 35. c5 d5 36. c6 Rb5 37. Qa3 d4 38. Bd2 Qxc6 39. Re1 Qb7 40. Qd6 Rd5
0-1

[Event "Wch Juvenil 2013 sub-16 femenino"]
[Site "Al-Ain UAE"]
[Date "2013.12.18"]
[Round "1.3"]
[White "Nicolas Zapata, Irene"]
[Black "Alijanzadeh, Mohadeseh"]
[Result "1-0"]
[WhiteElo "2237"]
[BlackElo "1846"]
[PlyCount "111"]
[EventDate "2013.12.19"]
[EventType "swiss"]
[EventRounds "11"]
[EventCountry "UAE"]
[Source "lmi"]
[SourceDate "2013.12.19"]

1. d4 Nf6 2. Nf3 g6 3. c4 Bg7 4. g3 d6 5. Bg2 O-O 6. O-O Nc6 7. Nc3 Bf5 8. Nh4
Bd7 9. e4 Qc8 10. f3 Bh3 11. d5 Bxg2 12. Nxg2 Na5 13. Qe2 c5 14. Bd2 e5 15. Nb5
Qd8 16. Nxd6 Qxd6 17. Bxa5 a6 18. Rac1 Nd7 19. a3 b6 20. Bd2 Rae8 21. b4 f5 22.
bxc5 bxc5 23. Rfe1 h6 24. Rb1 Rb8 25. a4 Rxb1 26. Rxb1 Rb8 27. Qd3 fxe4 28.
Qxe4 Kh7 29. Rxb8 Qxb8 30. Nh4 Nf8 31. Bc3 Qe8 32. f4 Qxa4 33. fxe5 Qb3 34. Be1
Kg8 35. e6 Qb8 36. e7 Qe8 37. exf8=Q+ Qxf8 38. Qe6+ Qf7 39. Nxg6 Bd4+ 40. Kg2
Kg7 41. Qxf7+ Kxf7 42. Nf4 Kf6 43. Kf3 Ke5 44. Nd3+ Kd6 45. Ke4 Bg1 46. Bd2 h5
47. Bf4+ Kd7 48. Bd2 Kd6 49. h3 Bd4 50. g4 hxg4 51. hxg4 Kd7 52. g5 Ke7 53. Kf5
Kf7 54. g6+ Ke7 55. Bg5+ Kd6 56. Bf6 1-0

[Event "Wch Juvenil 2013 sub-16 femenino"]
[Site "Al-Ain UAE"]
[Date "2013.12.18"]
[Round "1.5"]
[White "Monnisha, Gk"]
[Black "Hiebler, Laura"]
[Result "1-0"]
[WhiteElo "2180"]
[BlackElo "1840"]
[PlyCount "93"]
[EventDate "2013.12.19"]
[EventType "swiss"]
[EventRounds "11"]
[EventCountry "UAE"]
[Source "lmi"]
[SourceDate "2013.12.19"]

1. e4 e6 2. d4 d5 3. Nc3 Nf6 4. Bg5 Bb4 5. e5 h6 6. Bd2 Bxc3 7. Bxc3 Ne4 8. Bb4
c5 9. Bxc5 Nxc5 10. dxc5 O-O 11. Nf3 Qa5+ 12. Qd2 Qxc5 13. Bd3 b6 14. O-O Ba6
15. Rac1 Rc8 16. a3 Qe7 17. Nd4 Bxd3 18. cxd3 Nd7 19. f4 a5 20. Qe3 Nc5 21. Rc2
Qd7 22. Rcf2 Re8 23. Rf3 Ra7 24. Rg3 Kh7 25. f5 Rg8 26. f6 g5 27. Qe2 Qe8 28.
Kh1 Rg6 29. Rc1 Qa4 30. Nf3 Qe8 31. Kg1 Qg8 32. Nd4 Rd7 33. Nc6 Qe8 34. Ne7
Rxe7 35. fxe7 Qxe7 36. Rf1 f5 37. exf6 Rxf6 38. Rgf3 Rxf3 39. Rxf3 e5 40. Qf2
Kg6 41. h3 b5 42. Qc2 d4 43. b4 axb4 44. axb4 Nb7 45. Qc6+ Nd6 46. Qd5 Kg7 47.
Rf1 1-0

[Event "Wch Juvenil 2013 sub-16 femenino"]
[Site "Al-Ain UAE"]
[Date "2013.12.18"]
[Round "1.7"]
[White "Fortunata, Fransisca"]
[Black "Baghirova, Khatin"]
[Result "1/2-1/2"]
[WhiteElo "2117"]
[BlackElo "1838"]
[PlyCount "89"]
[EventDate "2013.12.19"]
[EventType "swiss"]
[EventRounds "11"]
[EventCountry "UAE"]
[Source "lmi"]
[SourceDate "2013.12.19"]

1. e4 g6 2. d4 Bg7 3. Nf3 d6 4. Be2 e6 5. O-O Ne7 6. c4 O-O 7. Nc3 e5 8. d5 Nd7
9. Be3 f5 10. Ng5 Nf6 11. f3 f4 12. Bf2 h6 13. Ne6 Bxe6 14. dxe6 b6 15. Qb3 c5
16. Rfd1 Nc8 17. Nd5 Ne7 18. Qd3 Ne8 19. Rd2 Bf6 20. Bd1 Qc8 21. Ba4 Qxe6 22.
Bxe8 Nxd5 23. Bxg6 Ne7 24. Bh5 Rad8 25. Rad1 Kh8 26. Qc2 Nc6 27. Qa4 Na5 28.
Rd5 Be7 29. Bg4 Qf6 30. Be1 Rb8 31. Bc3 Qg5 32. R1d2 h5 33. Bh3 Qh4 34. Re2 Rg8
35. Be6 Rg6 36. Bf5 Rg7 37. Be1 Qf6 38. Kh1 Bd8 39. a3 Rc7 40. Red2 Be7 41. Bf2
Nc6 42. R5d3 Nd4 43. Bxd4 cxd4 44. Rc2 Qh4 45. Rd1 1/2-1/2

[Event "Wch Juvenil 2013 sub-16 femenino"]
[Site "Al-Ain UAE"]
[Date "2013.12.18"]
[Round "1.8"]
[White "Smaraki, Mohanty"]
[Black "Paramzina, Anastasya"]
[Result "0-1"]
[WhiteElo "1837"]
[BlackElo "2111"]
[PlyCount "56"]
[EventDate "2013.12.19"]
[EventType "swiss"]
[EventRounds "11"]
[EventCountry "UAE"]
[Source "lmi"]
[SourceDate "2013.12.19"]

1. c4 e6 2. Nc3 d5 3. d4 Be7 4. Nf3 Nf6 5. e3 O-O 6. Bd3 b6 7. O-O Bb7 8. cxd5
exd5 9. Qc2 c5 10. b3 Nc6 11. Ba3 g6 12. Rac1 Rc8 13. Qb2 Na5 14. b4 cxb4 15.
Bxb4 Nc4 16. Qb3 Bxb4 17. Qxb4 Qd7 18. Qb3 Ne8 19. Nb5 Bc6 20. Nc3 Ned6 21. Ne5
Nxe5 22. dxe5 Nb7 23. Ba6 d4 24. exd4 Qxd4 25. e6 fxe6 26. Qxe6+ Kh8 27. Bxb7
Bxb7 28. Nb5 Qxf2+ 0-1

[Event "Wch Juvenil 2013 sub-16 femenino"]
[Site "Al-Ain UAE"]
[Date "2013.12.18"]
[Round "1.9"]
[White "Mahalakshmi, M."]
[Black "Alboredo, Julia"]
[Result "1-0"]
[WhiteElo "2110"]
[BlackElo "1830"]
[PlyCount "79"]
[EventDate "2013.12.19"]
[EventType "swiss"]
[EventRounds "11"]
[EventCountry "UAE"]
[Source "lmi"]
[SourceDate "2013.12.19"]

1. d4 Nf6 2. c4 c5 3. d5 b5 4. cxb5 a6 5. bxa6 g6 6. e3 Bxa6 7. Bxa6 Rxa6 8.
Nc3 Bg7 9. Nf3 O-O 10. O-O d6 11. Qe2 Qb6 12. Nd2 e6 13. e4 exd5 14. exd5 Qb7
15. Qd3 Nbd7 16. Nc4 Ng4 17. Bf4 Nde5 18. Bxe5 Nxe5 19. Nxe5 Bxe5 20. Rfd1 Rb6
21. b3 Rb4 22. Rac1 Ra8 23. Qe2 Rd4 24. Nb5 Rxd1+ 25. Rxd1 Qe7 26. f4 Bf6 27.
Qxe7 Bxe7 28. a4 c4 29. bxc4 Rxa4 30. Rc1 Kg7 31. Kf2 Ra2+ 32. Kf3 h6 33. h3 g5
34. Re1 Bf8 35. fxg5 hxg5 36. Re8 Rc2 37. Rc8 f5 38. Nd4 Rc3+ 39. Ke2 Be7 40.
Nxf5+ 1-0

[Event "Wch Juvenil 2013 sub-16 femenino"]
[Site "Al-Ain UAE"]
[Date "2013.12.18"]
[Round "1.10"]
[White "Suchomelova, Simona"]
[Black "Rodionova, Polina"]
[Result "0-1"]
[WhiteElo "1827"]
[BlackElo "2095"]
[PlyCount "88"]
[EventDate "2013.12.19"]
[EventType "swiss"]
[EventRounds "11"]
[EventCountry "UAE"]
[Source "lmi"]
[SourceDate "2013.12.19"]

1. e4 c5 2. Nf3 Nc6 3. d4 cxd4 4. Nxd4 g6 5. c4 Bg7 6. Be3 Nf6 7. Nc3 d6 8. Be2
O-O 9. O-O Bd7 10. Rc1 Nxd4 11. Bxd4 Bc6 12. e5 dxe5 13. Bxe5 Qa5 14. f4 Rac8
15. Kh1 Rfd8 16. Qc2 Qc5 17. b3 Rd7 18. Bf3 Bxf3 19. Rxf3 Ng4 20. Bxg7 Kxg7 21.
Qe2 Rcd8 22. Ne4 Qd4 23. h3 Nf6 24. Re1 Nxe4 25. Qxe4 Qxe4 26. Rxe4 Rd1+ 27.
Kh2 e6 28. Rfe3 h5 29. Kg3 Kf6 30. h4 R1d2 31. Re2 Rxe2 32. Rxe2 Rd3+ 33. Kf2
Kf5 34. Re3 Rd7 35. Kf3 Rd2 36. Re5+ Kf6 37. Rb5 b6 38. b4 Rb2 39. Kg3 Kg7 40.
Kf3 Kf8 41. Kg3 Ke8 42. Kf3 Kd8 43. Kg3 f6 44. c5 Kc7 0-1

[Event "Wch Juvenil 2013 sub-16 femenino"]
[Site "Al-Ain UAE"]
[Date "2013.12.18"]
[Round "1.11"]
[White "Derakhshani, Dorsa"]
[Black "Golubeva, Marija"]
[Result "1-0"]
[WhiteElo "2087"]
[BlackElo "1825"]
[PlyCount "69"]
[EventDate "2013.12.19"]
[EventType "swiss"]
[EventRounds "11"]
[EventCountry "UAE"]
[Source "lmi"]
[SourceDate "2013.12.19"]

1. e4 c5 2. Nf3 Nc6 3. d4 cxd4 4. Nxd4 e5 5. Nb5 d6 6. c4 Be7 7. N1c3 a6 8. Na3
Nf6 9. Bg5 O-O 10. Bxf6 Bxf6 11. Nd5 Bg5 12. Nc2 f5 13. h4 Bh6 14. Bd3 f4 15.
Be2 Be6 16. Bg4 Bxd5 17. Qxd5+ Kh8 18. Rd1 Qa5+ 19. Qxa5 Nxa5 20. b3 Rfd8 21.
Rh3 b5 22. Rd5 Rab8 23. Nb4 Ra8 24. cxb5 axb5 25. Rxb5 Rdb8 26. Rxb8+ Rxb8 27.
Rc3 g6 28. Nd5 Nb7 29. b4 g5 30. h5 Kg7 31. a4 Kf8 32. a5 Nd8 33. a6 Ra8 34. b5
Bg7 35. Nc7 1-0

[Event "Wch Juvenil 2013 sub-16 femenino"]
[Site "Al-Ain UAE"]
[Date "2013.12.18"]
[Round "1.12"]
[White "Bulmaga, Elena"]
[Black "Wozniak, Mariola"]
[Result "0-1"]
[WhiteElo "1820"]
[BlackElo "2079"]
[PlyCount "76"]
[EventDate "2013.12.19"]
[EventType "swiss"]
[EventRounds "11"]
[EventCountry "UAE"]
[Source "lmi"]
[SourceDate "2013.12.19"]

1. d4 d5 2. c4 dxc4 3. Nf3 Nf6 4. e3 a6 5. Bxc4 e6 6. a3 c5 7. Nc3 b5 8. Ba2
Bb7 9. O-O Nbd7 10. d5 exd5 11. Nxd5 c4 12. e4 Nxe4 13. Re1 Ndc5 14. Ng5 Qxd5
15. Qxd5 Bxd5 16. Nxe4 Nxe4 17. f3 Bc5+ 18. Be3 Bxe3+ 19. Rxe3 O-O-O 20. fxe4
Bb7 21. Rf1 f6 22. Bb1 Rhe8 23. Rff3 Re7 24. a4 Rd4 25. axb5 axb5 26. Re1 g6
27. Rfe3 f5 28. e5 Rd2 29. R3e2 Rxe2 30. Rxe2 Kd7 31. Kf2 Ke6 32. Kg3 Rd7 33.
Kf4 Rd4+ 34. Kg3 Rg4+ 35. Kh3 Be4 36. Bxe4 Rxe4 37. Rxe4 fxe4 38. Kg3 b4 0-1

[Event "Wch Juvenil 2013 sub-16 femenino"]
[Site "Al-Ain UAE"]
[Date "2013.12.18"]
[Round "1.13"]
[White "Schnegg, Anna-Lena"]
[Black "Gholami Orimi, Anahita"]
[Result "1/2-1/2"]
[WhiteElo "2075"]
[BlackElo "1817"]
[PlyCount "87"]
[EventDate "2013.12.19"]
[EventType "swiss"]
[EventRounds "11"]
[EventCountry "UAE"]
[Source "lmi"]
[SourceDate "2013.12.19"]

1. e4 c5 2. Nf3 d6 3. d4 cxd4 4. Nxd4 Nf6 5. Nc3 g6 6. g3 Bg7 7. Bg2 O-O 8. h3
Qb6 9. Nde2 Nc6 10. O-O Ne5 11. a4 Bd7 12. Ra2 Rac8 13. b3 Rfd8 14. Nd5 Nxd5
15. exd5 Be8 16. Be3 Qc7 17. c4 a5 18. Nd4 Qb8 19. Qd2 Qa8 20. Bg5 Bf6 21. Bxf6
exf6 22. f4 Nd7 23. f5 g5 24. h4 h6 25. hxg5 hxg5 26. Nf3 Qa7+ 27. Kh1 Kh7 28.
Nxg5+ fxg5 29. f6 Nxf6 30. Rxf6 Kg7 31. Qxg5+ Kf8 32. Rh6 Qd4 33. Rd2 Qg7 34.
Qh4 Kg8 35. Bh3 Bd7 36. Rxd6 Qe5 37. Rh2 Qe1+ 38. Kg2 Bxh3+ 39. Qxh3 Qe2+ 40.
Kg1 Qe1+ 41. Kg2 Qe2+ 42. Kg1 Qe1+ 43. Kg2 Qe2+ 44. Kg1 1/2-1/2

[Event "Wch Juvenil 2013 sub-16 femenino"]
[Site "Al-Ain UAE"]
[Date "2013.12.18"]
[Round "1.14"]
[White "Markaki, Sofia"]
[Black "Haussernot, Cecile"]
[Result "0-1"]
[WhiteElo "1789"]
[BlackElo "2062"]
[PlyCount "56"]
[EventDate "2013.12.19"]
[EventType "swiss"]
[EventRounds "11"]
[EventCountry "UAE"]
[Source "lmi"]
[SourceDate "2013.12.19"]

1. e4 c5 2. Nf3 d6 3. d4 cxd4 4. Nxd4 Nf6 5. Nc3 a6 6. Bg5 Nbd7 7. f4 Qc7 8.
Be2 e6 9. Bf3 Be7 10. Nb3 O-O 11. Bh4 Rb8 12. O-O b5 13. Bg3 Bb7 14. Qe2 b4 15.
Nd1 a5 16. c3 a4 17. Nd4 bxc3 18. Nxc3 Nc5 19. Rfe1 Ba6 20. Qd2 Nd3 21. Reb1 a3
22. b4 Nxb4 23. Rb3 Nd3 24. Na4 Qc4 25. Qe3 Qxa4 26. Rxd3 Bxd3 27. Qxd3 d5 28.
e5 Ne4 0-1

[Event "Wch Juvenil 2013 sub-16 femenino"]
[Site "Al-Ain UAE"]
[Date "2013.12.18"]
[Round "1.17"]
[White "Ivanova, Simoneta"]
[Black "Imanly, Magrura"]
[Result "0-1"]
[WhiteElo "2049"]
[BlackElo "1786"]
[PlyCount "53"]
[EventDate "2013.12.19"]
[EventType "swiss"]
[EventRounds "11"]
[EventCountry "UAE"]
[Source "lmi"]
[SourceDate "2013.12.19"]

1. d4 e6 2. c4 f5 3. Nf3 Nf6 4. g3 Be7 5. Bg2 d5 6. O-O O-O 7. b3 Ne4 8. Ba3
Bd7 9. Qc2 c6 10. Bxe7 Qxe7 11. Nc3 Be8 12. c5 Nd7 13. b4 e5 14. dxe5 Nxe5 15.
Nd4 Bg6 16. Rad1 Rac8 17. Qb3 Kh8 18. e3 Nc4 19. Nb1 Bh5 20. Bf3 Bg4 21. Kg2
Qg5 22. h3 Bh5 23. Qc2 Nxg3 24. Rfe1 Ne2+ 25. Kh2 Nxd4 26. Rxd4 Bxf3 27. Rg1
0-1

[Event "Wch Juvenil 2013 sub-16 femenino"]
[Site "Al-Ain UAE"]
[Date "2013.12.18"]
[Round "1.19"]
[White "Blagojevic, Tijana"]
[Black "Rodsmoen, Maud"]
[Result "1-0"]
[WhiteElo "2019"]
[BlackElo "1772"]
[PlyCount "83"]
[EventDate "2013.12.19"]
[EventType "swiss"]
[EventRounds "11"]
[EventCountry "UAE"]
[Source "lmi"]
[SourceDate "2013.12.19"]

1. e4 e5 2. Nf3 Nc6 3. Nc3 Nf6 4. d4 exd4 5. Nxd4 d6 6. Bc4 Be7 7. O-O O-O 8.
f3 Nd7 9. Nf5 Nde5 10. Nxe7+ Nxe7 11. Be2 N7c6 12. b3 Re8 13. Bb2 f5 14. exf5
Bxf5 15. f4 Nd7 16. Bh5 Rf8 17. Nd5 Ne7 18. Qd4 Nf6 19. Nxf6+ Rxf6 20. Rae1 Bg6
21. Bg4 Nf5 22. Qd5+ Rf7 23. Qxb7 Rb8 24. Qxa7 Ra8 25. Qb7 Rxa2 26. Ra1 Rxa1
27. Rxa1 Qe7 28. Qf3 Rf8 29. Qf2 Qe3 30. g3 Kh8 31. Re1 Qxf2+ 32. Kxf2 Nh6 33.
Bf3 Bxc2 34. Re7 Nf7 35. Bd5 Kg8 36. Rxc7 Bf5 37. b4 Bg6 38. b5 Rb8 39. b6 Kf8
40. b7 Nd8 41. Rc8 Rxb7 42. Bxb7 1-0

[Event "Wch Juvenil 2013 sub-16 femenino"]
[Site "Al-Ain UAE"]
[Date "2013.12.18"]
[Round "1.20"]
[White "Narzikulova, Gulhae"]
[Black "Vanagaite, Giedre"]
[Result "1/2-1/2"]
[WhiteElo "1769"]
[BlackElo "2017"]
[PlyCount "93"]
[EventDate "2013.12.19"]
[EventType "swiss"]
[EventRounds "11"]
[EventCountry "UAE"]
[Source "lmi"]
[SourceDate "2013.12.19"]

1. d4 Nf6 2. c4 g6 3. Nc3 d5 4. cxd5 Nxd5 5. Na4 Bg7 6. e4 Nb6 7. Be3 O-O 8.
Be2 Nc6 9. Nf3 Bg4 10. Ng1 Bxe2 11. Nxe2 Nc4 12. O-O Nxe3 13. fxe3 Rc8 14. Rc1
Nb8 15. e5 b6 16. Nf4 c5 17. dxc5 bxc5 18. e6 Qxd1 19. Rfxd1 c4 20. Nd5 Rfe8
21. exf7+ Kxf7 22. Rf1+ Ke6 23. Rcd1 g5 24. Nac3 Rf8 25. Nb5 Rxf1+ 26. Kxf1
Bxb2 27. Ke2 a6 28. Nbc3 Nd7 29. Kd2 Nc5 30. Kc2 Bxc3 31. Kxc3 Ne4+ 32. Kd4 Nd6
33. a4 a5 34. g4 Rb8 35. e4 Rc8 36. Rb1 Kf7 37. e5 Ne8 38. Rb7 Kf8 39. Nxe7 c3
40. Nxc8 c2 41. e6 c1=Q 42. Rf7+ Kg8 43. Ne7+ Kh8 44. Rf8+ Kg7 45. Rf7+ Kh6 46.
Nf5+ Kg6 47. Ne7+ 1/2-1/2

[Event "Wch Juvenil 2013 sub-16 femenino"]
[Site "Al-Ain UAE"]
[Date "2013.12.18"]
[Round "1.21"]
[White "Wafa, Shrook"]
[Black "Du Toit, Sune"]
[Result "1-0"]
[WhiteElo "2010"]
[BlackElo "1728"]
[PlyCount "49"]
[EventDate "2013.12.19"]
[EventType "swiss"]
[EventRounds "11"]
[EventCountry "UAE"]
[Source "lmi"]
[SourceDate "2013.12.19"]

1. e4 e5 2. Nf3 Nc6 3. Bb5 a6 4. Ba4 Nf6 5. d4 exd4 6. O-O Be7 7. Re1 O-O 8. e5
Ne8 9. Nxd4 Nxd4 10. Qxd4 d6 11. Nc3 Be6 12. Bb3 Bxb3 13. axb3 dxe5 14. Qxe5
Bf6 15. Qg3 g6 16. Bh6 Bg7 17. Rad1 Qb8 18. Bxg7 Nxg7 19. Nd5 Nf5 20. Nf6+ Kh8
21. Qh3 Kg7 22. Qc3 Qc8 23. g4 Nd6 24. Ne8+ Kh6 25. Qg7+ 1-0

[Event "Wch Juvenil 2013 sub-16 femenino"]
[Site "Al-Ain UAE"]
[Date "2013.12.18"]
[Round "1.22"]
[White "Ghaemmaghami, Pegah"]
[Black "Lingur, Zalina"]
[Result "1/2-1/2"]
[WhiteElo "1723"]
[BlackElo "2009"]
[PlyCount "70"]
[EventDate "2013.12.19"]
[EventType "swiss"]
[EventRounds "11"]
[EventCountry "UAE"]
[Source "lmi"]
[SourceDate "2013.12.19"]

1. c4 c5 2. Nc3 Nc6 3. Nf3 e5 4. e4 g6 5. Be2 Bg7 6. d3 Nge7 7. O-O O-O 8. Ne1
Nd4 9. Nc2 d6 10. Nd5 Nxd5 11. cxd5 Nxe2+ 12. Qxe2 f5 13. b4 cxb4 14. Nxb4 a5
15. Nc2 b5 16. Rb1 Ba6 17. a3 f4 18. f3 Qc7 19. Bb2 b4 20. axb4 axb4 21. Kh1
Rfb8 22. Qd2 Qb6 23. Ba3 b3 24. Nb4 Bxd3 25. Nxd3 Rxa3 26. Rb2 Qa7 27. Rfb1 Ra1
28. Nc1 Qa3 29. Qc3 Bf8 30. Nxb3 Rxb1+ 31. Rxb1 Be7 32. Qc2 Bd8 33. Nd2 Rxb1+
34. Qxb1 Qc3 35. Nf1 Ba5 1/2-1/2

[Event "Wch Juvenil 2013 sub-16 femenino"]
[Site "Al-Ain UAE"]
[Date "2013.12.18"]
[Round "1.23"]
[White "Heinemann, Josefine"]
[Black "Giblon, Rebecca"]
[Result "1-0"]
[WhiteElo "2008"]
[BlackElo "1715"]
[PlyCount "113"]
[EventDate "2013.12.19"]
[EventType "swiss"]
[EventRounds "11"]
[EventCountry "UAE"]
[Source "lmi"]
[SourceDate "2013.12.19"]

1. e4 e5 2. Nf3 Nc6 3. Bb5 a6 4. Ba4 Nf6 5. O-O Nxe4 6. d4 b5 7. Bb3 d5 8. dxe5
Be6 9. Nbd2 Bc5 10. Nxe4 dxe4 11. Bxe6 fxe6 12. Ng5 Qxd1 13. Rxd1 O-O 14. Nxe4
Bd4 15. c3 Bxe5 16. Be3 b4 17. Nc5 bxc3 18. bxc3 Bxc3 19. Rac1 Rfd8 20. Nd7 Ne5
21. Rxc3 Rxd7 22. Rxd7 Nxd7 23. Rxc7 Nf6 24. h3 Nd5 25. Ra7 Rxa7 26. Bxa7 Kf7
27. Kf1 Kf6 28. Bd4+ e5 29. Bb2 Kf5 30. g3 Nb4 31. a3 Nd3 32. Bc3 g6 33. Ke2
Nc5 34. Bb4 Ne6 35. Kd3 e4+ 36. Kc4 h5 37. Kd5 Ng5 38. h4 Nh3 39. Bc5 g5 40.
hxg5 Nxg5 41. Be3 Nf3 42. a4 Ne1 43. a5 Nc2 44. Bd2 Na3 45. Kc6 Kg4 46. Bc1 Kf3
47. Bxa3 Kxf2 48. Kb6 Kxg3 49. Kxa6 h4 50. Kb5 h3 51. a6 Kf2 52. Bd6 e3 53. a7
e2 54. Bb4 h2 55. a8=Q Kg1 56. Bc5+ Kf1 57. Qh1# 1-0

[Event "Wch Juvenil 2013 sub-16 femenino"]
[Site "Al-Ain UAE"]
[Date "2013.12.18"]
[Round "1.24"]
[White "Ilhom, Mootribai"]
[Black "Egorova, Ayyyna"]
[Result "1-0"]
[WhiteElo "1702"]
[BlackElo "2006"]
[PlyCount "77"]
[EventDate "2013.12.19"]
[EventType "swiss"]
[EventRounds "11"]
[EventCountry "UAE"]
[Source "lmi"]
[SourceDate "2013.12.19"]

1. e4 Nf6 2. e5 Nd5 3. d4 d6 4. Nf3 Bg4 5. Be2 c6 6. O-O Bxf3 7. Bxf3 dxe5 8.
dxe5 e6 9. c4 Nb6 10. Qe2 N8d7 11. b3 a5 12. Nd2 Bb4 13. Bb2 a4 14. Ne4 a3 15.
Bd4 O-O 16. Rad1 Qc7 17. Nd6 Nc8 18. Nxc8 Rfxc8 19. Be4 Nc5 20. Bc2 Rd8 21. Qh5
g6 22. Qg5 Na6 23. Qe3 Ba5 24. Qg3 Nb4 25. Bb1 c5 26. Be3 Rxd1 27. Rxd1 Rd8 28.
Rxd8+ Qxd8 29. Qf3 Bc7 30. Qe2 Bxe5 31. Bxc5 Bc3 32. g3 b6 33. Bxb4 Bxb4 34.
Qd3 Qf6 35. Kg2 Bc5 36. Qd2 Qa1 37. Be4 Bd4 38. Qe2 e5 39. g4 1-0

[Event "Wch Juvenil 2013 sub-16 femenino"]
[Site "Al-Ain UAE"]
[Date "2013.12.18"]
[Round "1.25"]
[White "Paredes Bustamante, Paula"]
[Black "Gunaratne, Manisha Suchini"]
[Result "1-0"]
[WhiteElo "1994"]
[BlackElo "1691"]
[PlyCount "81"]
[EventDate "2013.12.19"]
[EventType "swiss"]
[EventRounds "11"]
[EventCountry "UAE"]
[Source "lmi"]
[SourceDate "2013.12.19"]

1. e4 g6 2. d4 Bg7 3. Bc4 d6 4. Nc3 Nf6 5. f4 O-O 6. Nf3 c6 7. e5 Ne8 8. O-O b5
9. Bd3 Nd7 10. Qe1 Rb8 11. Ne4 c5 12. c3 c4 13. Bc2 Bb7 14. Neg5 e6 15. h4 dxe5
16. fxe5 Nc7 17. h5 Qe8 18. Nxh7 Kxh7 19. Qh4 Rh8 20. h6 Kg8 21. Nh2 f5 22.
exf6 Nxf6 23. Rxf6 Bxf6 24. Qxf6 Qf7 25. Qxf7+ Kxf7 26. Bf4 Rbc8 27. Rf1 Ke7
28. Ng4 Nd5 29. Be5 Rhf8 30. Rxf8 Rxf8 31. h7 Nf4 32. Bxf4 Rxf4 33. h8=Q Bxg2
34. Qh4+ Kd6 35. Kxg2 Rf7 36. Ne5 Rf8 37. Be4 a5 38. Qh7 Rd8 39. Nxg6 Re8 40.
Qb7 e5 41. Qc6# 1-0

[Event "Wch Juvenil 2013 sub-16 femenino"]
[Site "Al-Ain UAE"]
[Date "2013.12.18"]
[Round "1.27"]
[White "Shakhmurzova, Fatima"]
[Black "Mithran, Mirakla"]
[Result "1-0"]
[WhiteElo "1983"]
[BlackElo "1655"]
[PlyCount "59"]
[EventDate "2013.12.19"]
[EventType "swiss"]
[EventRounds "11"]
[EventCountry "UAE"]
[Source "lmi"]
[SourceDate "2013.12.19"]

1. e4 e6 2. d3 d5 3. Nd2 c5 4. g3 Nf6 5. e5 Nfd7 6. f4 Nc6 7. Bg2 h5 8. h4 Nb6
9. c3 Bd7 10. Ngf3 Qe7 11. O-O O-O-O 12. a4 f6 13. Nb1 g6 14. Na3 a6 15. Nc2
Bh6 16. b4 cxb4 17. cxb4 fxe5 18. fxe5 Bxc1 19. Qxc1 Kb8 20. Qe3 d4 21. Ncxd4
Nxd4 22. Nxd4 Nxa4 23. Rf6 Qxb4 24. Rff1 Bc8 25. Nc6+ bxc6 26. Rab1 Nb2 27. Rf2
Kc7 28. Rbxb2 Qd4 29. Rf7+ Qd7 30. Qb6# 1-0

[Event "Wch Juvenil 2013 sub-16 femenino"]
[Site "Al-Ain UAE"]
[Date "2013.12.18"]
[Round "1.28"]
[White "Kahanda, I D S."]
[Black "Zahn, Alina"]
[Result "0-1"]
[WhiteElo "1647"]
[BlackElo "1983"]
[PlyCount "70"]
[EventDate "2013.12.19"]
[EventType "swiss"]
[EventRounds "11"]
[EventCountry "UAE"]
[Source "lmi"]
[SourceDate "2013.12.19"]

1. e4 e5 2. Nf3 Nc6 3. d4 exd4 4. Bc4 Nf6 5. e5 d5 6. Bb5 Ne4 7. Qxd4 Bc5 8.
Qa4 Bxf2+ 9. Ke2 Bd7 10. Rd1 Ne7 11. Bxd7+ Qxd7 12. Qxd7+ Kxd7 13. Nc3 Nxc3+
14. bxc3 Bb6 15. c4 c6 16. Bg5 Rac8 17. Rac1 Rhd8 18. cxd5 cxd5 19. c4 h6 20.
Bxe7 Kxe7 21. cxd5 Rxc1 22. d6+ Ke6 23. Rxc1 f6 24. exf6 gxf6 25. Rd1 Rxd6 26.
Rxd6+ Kxd6 27. Nh4 Ke5 28. Ng6+ Kf5 29. Ne7+ Ke6 30. Ng8 h5 31. h3 Kf7 32. Nh6+
Kg6 33. Ng8 Bc5 34. g4 hxg4 35. hxg4 Kg7 0-1

[Event "Wch Juvenil 2013 sub-16 femenino"]
[Site "Al-Ain UAE"]
[Date "2013.12.18"]
[Round "1.29"]
[White "Srija, Seshadri"]
[Black "Wen, Jessica"]
[Result "1-0"]
[WhiteElo "1980"]
[BlackElo "1646"]
[PlyCount "67"]
[EventDate "2013.12.19"]
[EventType "swiss"]
[EventRounds "11"]
[EventCountry "UAE"]
[Source "lmi"]
[SourceDate "2013.12.19"]

1. e4 e5 2. Nf3 Nc6 3. Bb5 Nf6 4. d3 Bc5 5. O-O d6 6. c3 O-O 7. h3 a6 8. Ba4 b5
9. Bc2 Re8 10. Nbd2 Bd7 11. Re1 Nh5 12. Nf1 Nf4 13. Bxf4 exf4 14. d4 Bb6 15.
Qd2 Qf6 16. h4 Rad8 17. N1h2 h6 18. Kh1 g5 19. hxg5 hxg5 20. g3 fxg3 21. fxg3
g4 22. Nh4 Ne7 23. Rf1 Qg7 24. Bb3 Rf8 25. Rf4 Kh7 26. Nf5 Nxf5 27. exf5 Qg5
28. Qg2 Bxf5 29. Rxf5 Qg6 30. Raf1 Kg7 31. Bc2 Qh6 32. Qe2 Qh3 33. Rg5+ Kh8 34.
Rxg4 1-0

[Event "Wch Juvenil 2013 sub-16 femenino"]
[Site "Al-Ain UAE"]
[Date "2013.12.18"]
[Round "1.31"]
[White "Assaubayeva, Diana"]
[Black "Breedt, Shade"]
[Result "1-0"]
[WhiteElo "1974"]
[BlackElo "1638"]
[PlyCount "73"]
[EventDate "2013.12.19"]
[EventType "swiss"]
[EventRounds "11"]
[EventCountry "UAE"]
[Source "lmi"]
[SourceDate "2013.12.19"]

1. c4 e5 2. g3 Nc6 3. Bg2 f5 4. Nc3 Nf6 5. e3 Bb4 6. Nge2 O-O 7. O-O d6 8. d4
Ne7 9. a3 Bxc3 10. Nxc3 g5 11. dxe5 dxe5 12. Qxd8 Rxd8 13. e4 f4 14. Nd5 Nfxd5
15. exd5 Nf5 16. Re1 Bd7 17. Rxe5 fxg3 18. fxg3 h6 19. Bd2 Re8 20. Rae1 Rxe5
21. Rxe5 Re8 22. Rxe8+ Bxe8 23. Kf2 Nd6 24. c5 Nc4 25. Bc3 Bf7 26. a4 b6 27. b3
Na5 28. Bxa5 bxa5 29. Ke3 Kg7 30. Kd4 Kf6 31. Be4 Bg8 32. Bd3 Bf7 33. Bc4 Bg8
34. d6 Bxc4 35. Kxc4 c6 36. b4 a6 37. b5 1-0